000 00445 a2200157 4500
001 57800
020 _a858218308
040 _cAnchieta - Pituba
100 _aPeres, Fernando da Rocha
240 1 0 _aGregório de Matos
_lpor
245 1 0 _aGregório de Matos
300 _a142
362 0 _a2004
650 4 _aPessoas em literatura, história, biografia, genealogia (incluindo historiadores, escritores e críticos da literatura)
942 _cBK
999 _c57800
_d57800